5HLuxD.jpg

KING HENRY VIII SENIOR AND PRIMARY SCHOOL LIBRARY OPAC

The accidental tourist / (Record no. 2777)

000 -LEADER
fixed length control field 01799nam a2200349 i 4500
001 - CONTROL NUMBER
control field ocn231882053
003 - CONTROL NUMBER IDENTIFIER
control field OCoLC
005 - DATE AND TIME OF LATEST TRANSACTION
control field 20230821084910.0
008 - FIXED-LENGTH DATA ELEMENTS--GENERAL INFORMATION
fixed length control field 180712s2008 enka e 000 1 eng d
020 ## - INTERNATIONAL STANDARD BOOK NUMBER
International Standard Book Number 9780194792158
040 ## - CATALOGING SOURCE
Original cataloging agency UKM
Language of cataloging eng
Transcribing agency UKM
Modifying agency YDXCP
-- TVG
-- BTCTA
-- OCLCF
-- OCLCO
-- OCLCQ
-- OCLCO
-- CaOL
-- KH8
Description conventions rda
082 ## - DEWEY DECIMAL CLASSIFICATION NUMBER
Classification number 428.6 BAS
100 1# - MAIN ENTRY--PERSONAL NAME
Personal name Bassett, Jennifer,
Relator term author.
245 14 - TITLE STATEMENT
Title The accidental tourist /
Statement of responsibility, etc. Anne Tyler ; retold by Jennifer Bassett.
250 ## - EDITION STATEMENT
Edition statement Simplified edition.
264 #1 - PRODUCTION, PUBLICATION, DISTRIBUTION, MANUFACTURE, AND COPYRIGHT NOTICE
Place of production, publication, distribution, manufacture Oxford, [England] :
Name of producer, publisher, distributor, manufacturer Oxford University Press,
Date of production, publication, distribution, manufacture, or copyright notice 2008.
264 #4 - PRODUCTION, PUBLICATION, DISTRIBUTION, MANUFACTURE, AND COPYRIGHT NOTICE
Date of production, publication, distribution, manufacture, or copyright notice ©2008.
300 ## - PHYSICAL DESCRIPTION
Extent 104 pages :
Other physical details illustrations ;
Dimensions 20 cm.
336 ## - CONTENT TYPE
Content type term text
Content type code txt
Source rdacontent.
337 ## - MEDIA TYPE
Media type term unmediated
Media type code n
Source rdamedia.
338 ## - CARRIER TYPE
Carrier type term volume
Carrier type code nc
Source rdacarrier.
490 0# - SERIES STATEMENT
Series statement Oxford bookworms library. Stage 5, Human interest.
500 ## - GENERAL NOTE
General note Included in the reader: story and activities.
520 ## - SUMMARY, ETC.
Summary, etc. "Everday life in Baltimore, USA, is full of problems - getting the washing done, buying groceries and dog food, avoiding the neighbors...After the death of his son and the departure of his wife, Macon's attempts to run his own life become increasingly desperate - and more and more odd. Meanwhile, he has to get on with his work, writing tourist guides for business people. Then his dog Edwards starts to bite people, and he has to send for Muriel, the dog trainer. And day by day, Macon's life gets more and more complicated." --Back cover.
650 #0 - SUBJECT ADDED ENTRY--TOPICAL TERM
Topical term or geographic name entry element Reading comprehension
Form subdivision Problems, exercises, etc.
650 #0 - SUBJECT ADDED ENTRY--TOPICAL TERM
Topical term or geographic name entry element High interest-low vocabulary books.
650 #0 - SUBJECT ADDED ENTRY--TOPICAL TERM
Topical term or geographic name entry element Readers (Adult)
650 #0 - SUBJECT ADDED ENTRY--TOPICAL TERM
Topical term or geographic name entry element Readers for new literates.
700 1# - ADDED ENTRY--PERSONAL NAME
Relationship information Based on (work):
Personal name Tyler, Anne.
Title of a work Accidental tourist.
830 #0 - SERIES ADDED ENTRY--UNIFORM TITLE
Uniform title Oxford bookworms library.
Name of part/section of a work Human interest.
Number of part/section of a work Stage 5.
942 ## - ADDED ENTRY ELEMENTS (KOHA)
Source of classification or shelving scheme
Koha item type Teaching Resources
Holdings
Withdrawn status Lost status Source of classification or shelving scheme Damaged status Not for loan Collection code Permanent Location Current Location Shelving location Date acquired Total Checkouts Full call number Barcode Date due Date last seen Date last checked out Price effective from Koha item type
          Teaching Resources KH8 Senior School Library KH8 Senior School Library Staff Office 2023-08-21 1 428.6 BAS TRKHSL002159 2025-07-04 2024-11-08 2024-11-08 2023-08-21 Teaching Resources

Powered By KH8 IT Dept